Music Quiz

Random Music or Song Quiz

'Just A Girl' Lyrics Quiz Stats

 Plays Quiz not verified by Sporcle

Score 0/265 Timer 07:00
0 Plays Today
% Correct
a
99.4%
a
99.4%
a
99.4%
a
99.4%
a
99.4%
a
99.4%
a
99.4%
a
99.4%
a
99.4%
a
99.4%
a
99.4%
a
99.4%
a
99.4%
I
99.1%
I
99.1%
I
99.1%
I
99.1%
I
99.1%
I
99.1%
I
99.1%
just
99%
just
99%
just
99%
just
99%
just
99%
Just
99%
just
99%
just
99%
just
99%
just
99%
just
99%
just
99%
girl,
98.8%
girl,
98.8%
girl,
98.8%
girl,
98.8%
girl,
98.8%
girl...
98.8%
girl
98.8%
girl
98.8%
girl,
98.8%
girl,
98.8%
girl,
98.8%
I'm
98%
I'm
98%
I'm
97.9%
I'm
97.9%
I'm
97.9%
I'm
97.9%
I'm
97.9%
I'm
97.9%
I'm
97.9%
I'm
97.9%
I'm
97.9%
I'm
97.9%
I'm
97.9%
Oh...
95.9%
Oh...
95.9%
Oh...
95.9%
Oh...
95.9%
Oh...
95.9%
Oh...
95.9%
Oh,
95.9%
Oh,
95.9%
Oh,
95.9%
Oh,
95.9%
Oh,
95.9%
Oh,
95.9%
Oh,
95.9%
me
94%
me.
94%
me
94%
me
94%
me
94%
me
94%
me,
94%
me
94%
me
94%
me
94%
me.
94%
it
90.4%
it
90.4%
it
90.4%
it
90.4%
it
90.4%
you
89.8%
of
89.7%
of
89.7%
of
89.7%
% Correct
to
89.6%
to
89.6%
to
89.6%
to
89.6%
to
89.6%
to!
89.6%
to!
89.6%
to
89.6%
The
89.3%
the
89.3%
the
89.3%
and
88%
and
88%
and
88%
and
88%
my
87.4%
my
87.4%
my
87.4%
no
87.4%
no
87.4%
do
86%
let
84.6%
let
84.6%
let
84.6%
let
84.6%
your
84.2%
your
84.2%
your
84.2%
Your
84.2%
this
83.4%
This
83.4%
world
82.8%
world...
82.8%
Don't
82.6%
don't
82.6%
don't
82.6%
So
82.4%
So
82.4%
so
82.4%
so
82.4%
be
82.3%
be!
82.3%
it's
81.9%
it's
81.9%
Take
80.9%
take
80.9%
little
79.7%
that
79.7%
little
79.7%
little
79.7%
that
79.7%
that
79.7%
in
79.7%
in
79.7%
for
79.3%
is
78.7%
is
78.7%
is
78.7%
here!
78.3%
here!
78.3%
here...
78.3%
at
78%
at
78%
all
77.8%
all
77.8%
all
77.8%
all
77.8%
up
77.4%
up
77.4%
up
77.4%
up
77.4%
up
77.4%
out
77.1%
off
76.7%
I've
76.7%
I've
76.7%
I've
76.7%
I've
76.7%
I've
76.7%
I've
76.7%
I've
76.7%
had
76.6%
had
76.6%
had
76.6%
had
76.6%
had
76.6%
eyes.
75.8%
eyes.
75.8%
big
74.2%
% Correct
where
72.3%
surprise.
72.3%
know
72.3%
ribbon
72%
hold
71.3%
hold
71.3%
ol'
70.7%
'Cause
70.5%
'Cause
70.5%
'Cause
70.5%
'Cause
70.5%
pink
69.9%
think
69.6%
hand.
68.3%
they
67.6%
they
67.6%
night.
66.9%
things
65.2%
things
65.2%
won't
64.5%
sight.
64.3%
look
64.2%
can't
62.8%
'Cause
62.4%
have
62.3%
exactly
61.9%
stand?
61.6%
forcing
61.6%
exposed
61.5%
those
61.5%
good
59.7%
dear
59.4%
fear.
59%
not
58.5%
That's
57.6%
any
57.4%
late
57.3%
am
54.4%
run
54.2%
drive
54%
hide.
53.9%
you'll
53.4%
What
53.2%
What
53.2%
rights.
52.7%
pretty
52.5%
with
50.6%
many
49.4%
their
49.4%
I'd
48.9%
some
48.8%
making
48.4%
making
48.4%
living
48.1%
outside
48%
reasons
47.4%
moment
47.2%
rather
46.8%
Well,
46.4%
step
46%
captivity.
44.9%
kind
44.4%
petite.
43.8%
myself
43.2%
freak
43.1%
stare
42.8%
clear?
42%
lucky
39.8%
typical
38%
prototype.
33.9%
destiny?
32.4%
Dum,
32.2%
there's
30.7%
what's
30.6%
Twiddle
30.1%
sit
29.3%
numb.
28.8%
guess
27.5%
apologies.
24.2%
comparison.
23.4%
makes
23.3%
rule
21.4%
thumb
21.2%
become
21%
worrisome.
20.1%
succumbed
19.3%
burdensome.
17.7%

You're not logged in!

Compare scores with friends on all Sporcle quizzes.
OR
Log In

Show Comments

Extras

Top Quizzes Today


Score Distribution

Your Account Isn't Verified!

In order to create a playlist on Sporcle, you need to verify the email address you used during registration. Go to your Sporcle Settings to finish the process.

Report this User

Report this user for behavior that violates our Community Guidelines.

Details: